000 00653nam a22002177a 4500
005 20251108165831.0
008 250721s9999 xx 000 0 ara d
082 1 4 _aط/923.55/حجا
100 1 _aالحاضري، بدر الدين
245 1 0 _aالحجاج بن يوسف الثقفي /
264 1 _aبيروت :
_bدار الشرق العربي،
_c[19-].
300 _a129ص
490 0 _aأعلام خالدون ؛ 4
650 1 7 _aالتراجم
653 _aناشئون صغار (10-14 سنة )
700 1 _aرضا، علي
700 1 _aناصيف، كامل
700 1 _aقجة، محمد
942 _2ddc
_cBK
999 _c32481
_d32481